| 000 | 00798nam a2200241 u 4500 | ||
|---|---|---|---|
| 005 | 20240831063805.0 | ||
| 008 | 150519s2010 es r 000 0 spa d | ||
| 020 | _a9788423663774 | ||
| 035 | _aUPN01000203570 | ||
| 049 | _aI | ||
| 050 | 4 |
_aPZ76.3 _bA7.37 |
|
| 100 | 1 |
_aArànega, Mercè, _d1948- _933418 |
|
| 245 | 1 | 3 |
_aEl dragón Simón y el lago de chocolate / _cMercé Aránega ; tr. Elena Valencia. |
| 260 |
_aBarcelona, Esp. : _bEdebé, _cc2010. |
||
| 300 |
_a[36] p. : _bil. col. |
||
| 440 | 0 |
_aEducación ambiental ; _v2. _pA partir de 5 años |
|
| 534 |
_pTitulo original: _tEl drac simó i el llac de xocolata |
||
| 650 | 2 |
_aDragones _vLiteratura infantil _911808 |
|
| 650 | 4 |
_aCuentos infantiles españoles _97725 |
|
| 905 | _aInfantil | ||
| 999 |
_c175671 _d175671 |
||